All Mountain West Teams - Statistics

General Stats
  • This quiz has been taken 18 times
  • The average score is 11 of 12
Answer Stats
Hint Answer % Correct
Broncos Boise St
94%
Rams Colorado St
94%
Bulldogs Fresno St
94%
Aztecs San Diego St
94%
Rebels UNLV
94%
Falcons Air Force
88%
Aggies Utah St
88%
Cowboys Wyoming
88%
Rainbow Warriors Hawaii
81%
Wolf Pack Nevada
81%
Lobos New Mexico
81%
Spartans San Jose St
81%
No matching quizzes found
Score Distribution
Percent of People with Each Score
Percentile by Number Answered
Your Score History
You have not taken this quiz